| 000 | 00624nam a2200205 i 4500 | ||
|---|---|---|---|
| 001 | 65122 | ||
| 003 | ES-MaACL | ||
| 005 | 20230906165313.0 | ||
| 007 | t| | ||
| 008 | 040108s1964 sp ||||1| spa d | ||
| 100 | 1 |
_aFraine, J. de. _952116 |
|
| 245 | 1 | 3 |
_aLa Biblia y el origen del hombre / _cJ. de Fraine ; [versión española de José María Irazola]. |
| 260 |
_aBilbao : _bDesclée de Brouwer, _c1964. |
||
| 300 |
_a129 p. ; _c19 cm. |
||
| 490 | 1 | _aTemas bíblicos | |
| 700 | 1 |
_aIrazola, José María. _965428 |
|
| 830 | 0 |
_aTemas bíblicos _9183517 |
|
| 852 |
_aES-MaACL _jC-25068 _bR.53708 |
||
| 999 |
_c65122 _d65122 |
||